| 000 | 01102cam a22003135a 4500 | ||
|---|---|---|---|
| 001 | 16460150 | ||
| 005 | 20150722102306.0 | ||
| 008 | 100915t2011 nyua frb 001 0 eng d | ||
| 020 | _a9781441971814 (alk. paper) | ||
| 020 | _a1441971815 (alk. paper) | ||
| 020 | _a9781441971821 (eISBN) | ||
| 040 |
_aBTCTA _beng _cBTCTA _dYDXCP _dCDX _dUUS _dMUU _dCNCEN _dDLC _dEG-ScBUE |
||
| 082 | 0 | 4 |
_a004.21 _bKEI _222 |
| 100 | 1 |
_aKeinert, Joachim. _938237 |
|
| 245 | 1 | 0 |
_aDesign of image processing embedded systems using multidimensional data flow / _cJoachim Keinert, Jürgen Teich. |
| 260 |
_aNew York : _bSpringer, _cc.2011. |
||
| 300 |
_axxv, 311 p. : _bill. ; _c24 cm. |
||
| 490 | 0 | _aEmbedded systems | |
| 500 | _aIndex : p. 307-311. | ||
| 504 | _aBibliography : p. 289-305. | ||
| 650 | 0 |
_aEmbedded computer systems _xDesign and construction. _2BUEsh |
|
| 650 | 0 |
_aImage processing. _2BUEsh |
|
| 650 | 0 |
_aData flow computing. _2BUEsh _912047 |
|
| 651 | _2BUEsh | ||
| 653 |
_bCOMSCI _cJune2015 _cJuly2015 |
||
| 655 |
_vreading book _934232 |
||
| 700 | 1 |
_aTeich, Jürgen, _d1964- |
|
| 942 |
_2ddc _k004.21 KEI |
||
| 999 |
_c19988 _d19960 |
||